Chaitén.

Detalles Bibliográficos
Autor Corporativo: Instituto Geográfico Militar (Chile)
Formato: Mapa
Lenguaje:español
Publicado: Santiago, Chile Instituto Geográfico Militar 2010
Edición:1a. ed.
Materias:

MARC

LEADER 00000cem a2200000 a 4500
001 038841
003 UAHC_CL
005 20170803124316.0
008 111114s2008 cl 000 spa
040 |a UAHC_CL  |c UAHC_CL  |d UAHC_CL 
245 1 0 |a Chaitén. 
250 |a 1a. ed. 
255 |a Escala: 1:50.000 
260 |b Instituto Geográfico Militar  |c 2010  |a Santiago, Chile 
300 |a 1 mapa  |b col.  |c 50 x 45.1 cm sobre pliego 61.5 X 79.5 cm 
500 |a Escala: 1:250.000 
651 4 |a CHAITÉN (CHILE)  |v MAPAS 
710 1 |a Instituto Geográfico Militar (Chile) 
900 |a R.912.835 CHA 
942 |c MAP 
952 |0 0  |1 0  |4 0  |6 R__912_835000000000000_CHA  |7 0  |8 Mapoteca  |9 74267  |a BC  |b BC  |c Mapoteca  |d 2017-08-03  |l 0  |o R.912.835 CHA  |p 1390281  |r 2019-12-09 00:00:00  |t 1  |w 2017-08-03  |y MAP 
952 |0 0  |1 0  |4 0  |6 R__912_835000000000000_CHA  |7 0  |8 Mapoteca  |9 74268  |a BC  |b BC  |c Mapoteca  |d 2017-08-03  |l 0  |o R.912.835 CHA  |p 1410554  |r 2019-12-09 00:00:00  |t 2  |w 2017-08-03  |y MAP 
999 |c 38841  |d 38841